Włoscy kierowcy Formuły 1 (2000-teraz) - Statystyki

Ogólne statystyki
  • Ten quiz został rozwiązany 19 razy
  • Średni wynik to 4 z 8
Statystyki odpowiedzi
Zwycięzca Kierowca % Poprawnych
x Kimi Antonelli
78%
Giancarlo Fisichella
72%
Jarno Trulli
72%
x Antonio Giovinazzi
61%
x Luca Badoer
44%
x Vitantonio Liuzzi
39%
x Gianmaria Bruni
11%
x Giorgio Pantano
11%
Nie znaleziono quizów pasujących do podanych kryteriów
Rozkład punktacji
Procent ludzi z każdym wynikiem
Percentyl według liczby udzielonych odpowiedzi
Twoja historia wyników
Nie rozwiązałeś tego quizu